| 000 | 00704nam a22002417a 4500 | ||
|---|---|---|---|
| 003 | UA-OsUOA | ||
| 001 | 28286 | ||
| 007 | ta | ||
| 008 | 20050315b un ||||| |||| 00| 0 ukr d | ||
| 090 |
_a94(477-25)(035) _bК38 |
||
| 942 | _cBK | ||
| 040 |
_aUA-OsUOA _brus _cUA-OsUOA _dUA-OsUOA |
||
| 245 |
_aКиев _bЕнциклопедический справочник _cРед. А. В.Кудрицкого |
||
| 300 | _a759 с. | ||
| 955 | _a0 | ||
| 041 | _arus | ||
| 080 | _a94(477-25)(035) | ||
| 260 |
_aКиев _bГлавная редакция Украинской Советской энциклопедии _c1985 |
||
| 044 | _aUA | ||
| 250 | _n2-е изд. | ||
| 650 | 7 | _2UDC | |
| 999 |
_c314650 _d314650 |
||